Countries Contained in EQUATORIAL GUINEA - One Minute Sprint - Statistics

General Stats
  • This quiz has been taken 47 times
  • The average score is 5 of 12
Answer Stats
country % Correct
Guinea
95%
Qatar
63%
Iran
54%
Iraq
46%
Tonga
37%
Niger
32%
Nigeria
32%
Algeria
27%
Angola
20%
Equatorial Guinea
20%
Niue
20%
Nauru
17%
No matching quizzes found
Score Distribution
Percent of People with Each Score
Percentile by Number Answered
Your Score History
You have not taken this quiz